| 000 | 00538cam a2200205 4500 | ||
|---|---|---|---|
| 001 | J64026 | ||
| 008 | 000000n2001 000 0 eng u | ||
| 035 | _a(Sirsi) u111974 | ||
| 041 | _aENG | ||
| 050 | _a333.337 | ||
| 110 |
_aFPDSavills _93625 |
||
| 245 | _aRetail Warehousing quarterly report - Spring 2001 | ||
| 260 |
_aLondon _bFPDSavills _c2001 |
||
| 300 | _a1 pt. ; 30cm. | ||
| 650 | _aINVESTMENT PERFORMANCE | ||
| 650 | _aRETAIL WAREHOUSES | ||
| 650 | _aWAREHOUSES | ||
| 690 | _aPROPERTY-COMMERCIAL PROPERTY | ||
| 942 | _n0 | ||
| 999 |
_c101332 _d101332 |
||